César y Cristo (Record no. 155983)

MARC details
000 -LEADER
campo de control de longitud fija 00817nam a2200217 i 4500
001 - NÚMERO DE CONTROL
campo de control 155983
003 - IDENTIFICADOR DE NÚMERO DE CONTROL
campo de control ES-MaACL
005 - FECHA Y HORA DE LA ÚLTIMA TRANSACCIÓN
campo de control 20250805075348.0
008 - DATOS DE LONGITUD FIJA--INFORMACIÓN GENERAL
campo de control de longitud fija 190201s1948 ag |||| | spa d
100 0# - ENTRADA PRINCIPAL--NOMBRE DE PERSONA
Nombre de persona Durant, Will.
9 (RLIN) 46272
245 10 - MENCIÓN DEL TÍTULO
Título César y Cristo
Resto del título : historia de la civilización romana y del cristianismo desde sus comienzos hasta el año 325 D. de C. /
Mención de responsabilidad, etc. Will Durant ; traducción de Luis Tobío.
260 ## - PUBLICACIÓN, DISTRIBUCIÓN, ETC.
Lugar de publicación, distribución, etc. Buenos Aires :
Nombre del editor, distribuidor, etc. Editorial Sudamericana,
Fecha de publicación, distribución, etc. 1948.
300 ## - DESCRIPCIÓN FÍSICA
Extensión 2 v. :
Otras características físicas il. ;
Dimensiones 24 cm.
490 1# - MENCIÓN DE SERIE
Mención de serie Historia de la civilización
650 07 - PUNTO DE ACCESO ADICIONAL DE MATERIA--TÉRMINO DE MATERIA
Término de materia o nombre geográfico como elemento de entrada Civilización romana
Fuente del encabezamiento o término embne
9 (RLIN) 11103
650 ## - PUNTO DE ACCESO ADICIONAL DE MATERIA--TÉRMINO DE MATERIA
Término de materia o nombre geográfico como elemento de entrada Cristianismo-
Subdivisión general Historia-
Subdivisión cronológica S.I-VI.
9 (RLIN) 163038
700 0# - ENTRADA AGREGADA--NOMBRE PERSONAL
Nombre de persona Tobío, Luis.
9 (RLIN) 110377
830 0# - PUNTO DE ACCESO ADICIONAL DE SERIE-TÍTULO UNIFORME
Título uniforme Historia de la civilización
9 (RLIN) 187819
852 ## - LOCALIZACIÓN
Ubicación ES-MaACL
Número de control de estantería P-418-6-7
Holdings
Estatus retirado Estado de pérdida Estado de daño No para préstamo Biblioteca de origen Biblioteca actual Ubicación en estantería Fecha de adquisición Fuente de adquisición Total de préstamos Signatura topográfica completa Código de barras Visto por última vez Precio de reemplazo Tipo de ítem Koha
        Biblioteca del Ateneo de Madrid Biblioteca del Ateneo de Madrid Depósito 2 01/02/2019     P-418-6-7 1199774 23/02/2023 23/02/2023 Libro impreso